Boletín de las leyes, órdenes i decretos del gobierno: 1854

Uloženo v:
Podrobná bibliografie
Médium: Kniha
Jazyk:španělština
Vydáno: Santiago Julio Belín 1854
Témata:
Tagy: Přidat tag
Žádné tagy, Buďte první, kdo vytvoří štítek k tomuto záznamu!

MARC

LEADER 00000nam a2200000 a 4500
001 UCR1465
003 CL-VaPUC
008 971219e18540000CL |||||||||||||||||spa|d
082 0 4 |a 348.022  |b BOL  |2 21 
245 1 0 |a Boletín de las leyes, órdenes i decretos del gobierno: 1854 
300 |a v 
942 |c BK 
945 |d 19971219 00:00:00  |a lriquelm 
260 |a Santiago  |b Julio Belín  |c 1854 
650 7 |a DERECHO CHILENO SIGLO 19  |2 CL-VaPUC  |9 398580 
650 0 |a Fuentes del derecho   |9 255162 
651 7 |a CHILE  |2 CL-VaPUC  |9 398581 
583 |a last modification  |c 20160829 09:51:50  |k Rodrigo Vera 
999 |c 264867  |d 264865 
952 |0 0  |1 0  |4 0  |6 348_022000000000000_BOL_1854  |7 0  |8 DER_HDC  |9 295405  |a BIBDER  |b BIBDER  |d 2019-11-20  |h v.22  |i 1925423  |o 348.022 BOL 1854  |p 1925423  |r 2023-01-25  |w 2019-11-20  |x Ubicación 4to Piso  |y BK_X  |z Estos recursos deben solicitarse con anticipación  |k DER 
952 |0 0  |1 0  |4 0  |6 348_022000000000000_BOL_1854  |7 0  |8 DER_HDC  |9 295406  |a BIBDER  |b BIBDER  |d 2019-11-20  |h v.22  |i 1925407  |o 348.022 BOL 1854  |p 1925407  |r 2023-01-25  |w 2019-11-20  |x Ubicación 4to Piso  |y BK_X  |z Estos recursos deben solicitarse con anticipación  |k DER